Normal view
MARC view
Entry Personal Name
001 - CONTROL NUMBER
- control field: 15046
003 - CONTROL NUMBER IDENTIFIER
- control field: ARRUPE
005 - DATE AND TIME OF LATEST TRANSACTION
- control field: 20150212124656.0
008 - FIXED-LENGTH DATA ELEMENTS
- fixed length control field: 150212|| aca||aabn | a|a d
040 ## - CATALOGING SOURCE
- Original cataloging agency: ARRUPE
- Transcribing agency: ARRUPE
100 ## - HEADING--PERSONAL NAME
- Personal name: Gardner, Howard
670 ## - SOURCE DATA FOUND
- Source citation: Work cat.: (ARRUPE): Kornhaber, Mindy L. and Winner, Ellen 15045, Mind, Work, and Life, 2013